000 04725nam a22005057a 4500
005 20081103160943.0
008 081103t xxu||||| |||| 00| 0 hin d
010 _aHIN-84621-629
020 _a8186451099 (भाग-1)
_c40.00
020 _a8186451102 (भाग-2)
_c40.00
020 _a8186451110 (भाग-3)
_c40.00
020 _a8186451129 (भाग-4)
_c40.00
020 _a8186451137 (भाग-5)
_c40.00
020 _a8186451145 (भाग-6)
_c40.00
020 _a8186451153 (भाग-7)
_c40.00
020 _a8186451161 (भाग-8)
_c40.00
020 _a818645117x (भाग-9)
_c40.00
035 _aHN-56967-975
037 _bDBAD / PUB
040 _aDPL
_bHN
082 _a530
100 _aलढके, ज्योतिराव
245 _aआधुनिक भौतिक विज्ञान /
_cज्योतिराव लढके
260 _aनागपुर
_bप्रोग्रेसिव पब्लिशर
_c2008
270 _aधनवटे चेम्बर्स, सीताबर्डी
_bनागपुर
_e12
_k2526442
300 _a9भाग ( 47पृ ; 59पृ; 47पृ; 55पृ ; 52पृ; 47पृ; 92पृ; 75पृ;51पृ )
_c22सेमी (अजिल्द)
500 _a9 भागों में प्रकाशित
500 _aरू. 40.00 ( प्रत्येक )
505 _aभाग-1 भौतिकशास्त्र के पूर्वाधार ; भा-2 अस्त्तित्व के सूक्ष्म स्तर की ओर; भाग-3 सूक्ष्म कणिकाओं का विश्व
505 _aभाग-4 सूक्ष्म कणिकाओं का अजायबघर; भाग-5 प्रकाश; भाग-6 क्वांतम यांत्रिकी
505 _aभाग-7 सापेक्षता सिद्धान्त; भाग-8 प्रकृति के बल; भाग-9 शून्य और ब्रह्मांड
650 _aभौतिक विज्ञान
650 _aPhysics
942 _2ddc
_cHN
_mलढके
_h530
999 _c17456
_d17456